| 000 | 01595nam a2200289 a 4500 | ||
|---|---|---|---|
| 001 | BRCA_2458 | ||
| 005 | 20190320203823.0 | ||
| 008 | 191108s1827----fr-a---###---#000-0#spa-u | ||
| 041 | _aspa | ||
| 044 | _afr | ||
| 084 |
_a098 _b.D536 _c1827 |
||
| 100 | 1 |
_aCervantes Saavedra, Miguel de _d1547-1616 _9213 |
|
| 245 | 1 | 0 |
_aEl Ingenioso Hidalgo Don Quijote de la Mancha _cpor Miguel de Cervantes Saavedra. |
| 260 |
_aParís _bJulio Didot Mayor _c1827 |
||
| 300 |
_a1 v. (en varias paginaciones) _bil. _c12 cm. _e1 mapa |
||
| 500 | _aContenido : Anteportada con el título de la obra debajo del escudo del editor. Retrato de Cervantes. Dedicatoria del editor. Versos del viaje del Parnaso. Adevertencia del editor. Principios de la edición príncipe. Dedicatoria del autor al Duque de Béjar. Prólogo del autor. Versos preliminares. Texto de la primera parte. Dedicatoria del autor al Conde de Lemos. Prólogo del autor. Texto de la segunda parte. Notas de la edición de la Academia y observaciones. Carta geográfica de los viajes de D. Quijote | ||
| 500 | _aEdición : Edición en miniatura | ||
| 500 | _aCopia del LO-097, pero en papel inferior. Encuadernada en piel negra, lomo con florones y filetes dorados Lúdovik Osterc | ||
| 500 | _aQM79 | ||
| 650 | 1 | 4 |
_aNovela española _yÉpoca clásica, 1500-1700 _9215 |
| 650 | 1 | 4 |
_aLiteratura española _yÉpoca clásica, 1500-1700 _9216 |
| 650 | 1 | 4 |
_aNovela española _ySiglo XVII _9217 |
| 650 | 1 | 4 |
_aDon Quijote (Personaje ficticio) _eNovela _9218 |
| 740 | 0 | _aEl Ingenioso Hidalgo Don Quijote de la Mancha | |
| 902 | _aQFM | ||
| 942 |
_2lcc _cB |
||
| 999 |
_c2199 _d2199 |
||